书目信息 |
| 题名: |
法汉词典
|
|
| 作者: | ;《法汉词典》编写组 编 | |
| 分册: | ||
| 出版信息: | 上海 上海译文出版社 1982 |
|
| 页数: | 1493页 | |
| 开本: | 19cm | |
| 丛书名: | ||
| 单 册: | ||
| 中图分类: | H326 | |
| 科图分类: | ||
| 主题词: | 法语--词典 | |
| 电子资源: | ||
| ISBN: | ||
| 000 | 00642nam0 2200229 45 | |
| 001 | 0182004988 | |
| 005 | 20050422100252.6 | |
| 010 | @b精装@dCNY7.00 | |
| 091 | @a17188.2 | |
| 100 | @a19950517d1982 em y0chiy0121 ea | |
| 101 | 0 | @achi@afre |
| 102 | @aCN@b310000 | |
| 105 | @ay e 000yy | |
| 200 | 10 | @a法汉词典@Afa han ci dian@f《法汉词典》编写组编@F《Fa Han Ci Dian》BianXie Zu Bian |
| 210 | @a上海@c上海译文出版社@d1982 | |
| 215 | @a1493页@d19cm | |
| 606 | @a法语@x词典 | |
| 690 | @aH326@v3 | |
| 711 | 02 | @a《法汉词典》编写组@4编 |
| 801 | 0 | @aCN@b上海图书馆@c20050421 |
| 801 | 2 | @aCN@bNLC@c20050421 |
| 905 | @f2@b131552-553@dH326@e13 | |
| 法汉词典/《法汉词典》编写组编.-上海:上海译文出版社,1982 |
| 1493页;19cm |
| ISBN (精装):CNY7.00 |
| ● |
| 相关链接 |
|
|
|
|
正题名:法汉词典
索取号:H326/13
 
预约/预借
| 序号 | 登录号 | 条形码 | 馆藏地/架位号 | 状态 | 备注 |
| 1 | 0131552 | 001133213 | 密集书库/ [索取号:H326/13] | 在馆 | |
| 2 | 0131553 | 001133561 | 密集书库/ [索取号:H326/13] | 在馆 | |
| 3 | 0131554 | 202434829 | 第二样本阅览室/ [索取号:H326/13] | 在馆 |